Marxismo y cristianismo frente al hombre nuevo /

Obra que no incursiona en el terreno apologético sobre el tema sino que es un análisis de ciertos fenómenos sociológicos que se han dado en el seno del cristianismo y que es ignorado por las críticas marxistas al mismo.

Збережено в:
Бібліографічні деталі
Автор: González Ruiz, José María (autor)
Формат: Книга
Мова:Іспанська
Опубліковано: Madrid, España : Barcelona, España : Marova ; Fontanella, 1969, c1969
Серія:(Nuevas Fronteras)
Предмети:
Теги: Додати тег
Немає тегів, Будьте першим, хто поставить тег для цього запису!

MARC

LEADER 00000nam^a2200000^a^4500
001 000182228
005 20250521000000.0
009 20260310102000.366
037 |a Acervo ITESO - Biblioteca 
041 |a ESP 
082 |a 261. 21  |b GON 
100 |a González Ruiz, José María  |e (autor) 
245 1 0 |a Marxismo y cristianismo frente al hombre nuevo /  |c J.M. González Ruiz. 
264 4 |a Madrid, España :  |b Marova ;  |a Barcelona, España :  |b Fontanella,  |c 1969, c1969 
300 |a 232 p. 
336 |a texto  |b txt  |2 rdacontenido 
337 |a sin mediación  |b n  |2 rdamedio 
338 |a volumen  |b nc  |2 rdasoporte 
440 1 |a (Nuevas Fronteras) 
520 |a Obra que no incursiona en el terreno apologético sobre el tema sino que es un análisis de ciertos fenómenos sociológicos que se han dado en el seno del cristianismo y que es ignorado por las críticas marxistas al mismo. 
649 |a XX 
650 |a Marxismo -  |x Historia y Crítica -  |x Tema Principal 
650 |a Cristianismo -  |x Historia y Crítica -  |x Tema Principal 
650 |a Cristianismo y Sociedad -  |x Tema Principal 
650 |a Religión y Economía 
650 |a Sociología de la Religión 
910 |a Fondo General 
920 |a Impresos - Libros 
930 |a Colección General 
905 |a 101 
901 |a 0500122335  |b IT1  |c ACC  |u 20250521 
902 |a https://opac.biblio.iteso.mx/vufind/Record/000182228